000 01125 aa a2200217 4500
005 20120608105540.0
008 090513t xxu||||| |||| 00| 0 hin d
010 _a
020 _a
_c75.00
035 _aB-101397
037 _b
040 _adpl
_bHIN
082 _a609
100 _aश्रीवास्तव, विद्या
_948683
245 _aआविष्कारों का विचित्र संसार /
_cविद्या श्रीवास्तव
260 _aगाजियाबाद
_bविज्ञान शिक्षा संस्थान
_c2004
300 _a48पृ
_c22 सेमी (सजिल्द)
_bसचित्र
942 _adpl
_cHN
_k / मल्होत्रा
_2ddc
_h609
_mश्रीवास्त
999 _c67677
_d67677